LEADER 00862nam0-22002891i-450 001 990001764440403321 005 20190529131356.0 035 $a000176444 035 $aFED01000176444 035 $a(Aleph)000176444FED01 035 $a000176444 100 $a20030910d1956----km-y0itay50------ba 101 0 $aita 200 1 $aAppunti sulla coltivazione della patata in Italia$fEnrico Avanzi 210 $aFirenze$c[s.n.]$d1956 215 $a18 p.$d26 cm 300 $aEstr. da: Rivista dell'ortoflorofrutticoltura italiana, 40,1956. 610 0 $aPatate 676 $a635.21 700 1$aAvanzi,$bEnrico$f<1888-1974>$068275 801 0$aIT$bUNINA$gRICA$2UNIMARC 901 $aLG 912 $a990001764440403321 952 $a60 OP. 48/6$b37405$fFAGBC 959 $aFAGBC 996 $aAppunti sulla coltivazione della patata in Italia$9364421 997 $aUNINA LEADER 00939nam a2200289 i 4500 001 991000870729707536 005 20020507102551.0 008 960409s1986 us ||| | eng 020 $a047185834X 035 $ab10141273-39ule_inst 035 $aLE00638306$9ExL 040 $aDip.to Fisica$bita 084 $a621.3.6 084 $a621.3.7 084 $a629.8 084 $aTJ213.P225 100 1 $aPalm, William J. III$066633 245 10$aControl systems engineering /$cWilliam J. Palm III 260 $aNew York :$bJohn Wiley & Sons,$c1986 300 $axx, 695 p. ;$c23 cm. 650 4$aAutomatic control 907 $a.b10141273$b21-09-06$c27-06-02 912 $a991000870729707536 945 $aLE006 621.3.7 PAL$g1$i2006000051996$lle006$o-$pE0.00$q-$rl$s- $t0$u0$v0$w0$x0$y.i10167614$z27-06-02 996 $aControl systems engineering$9186698 997 $aUNISALENTO 998 $ale006$b01-01-96$cm$da $e-$feng$gus $h0$i1 LEADER 04108nam 2200685 a 450 001 9910956897803321 005 20251117070250.0 010 $a9786613150578 010 $a9781283150576 010 $a1283150573 010 $a9780300154580 010 $a0300154585 024 7 $a10.12987/9780300154580 035 $a(CKB)2670000000095635 035 $a(OCoLC)738476109 035 $a(CaPaEBR)ebrary10480872 035 $a(SSID)ssj0000520771 035 $a(PQKBManifestationID)11913707 035 $a(PQKBTitleCode)TC0000520771 035 $a(PQKBWorkID)10514838 035 $a(PQKB)11047013 035 $a(MiAaPQ)EBC3420702 035 $a(DE-B1597)485355 035 $a(DE-B1597)9780300154580 035 $a(Au-PeEL)EBL3420702 035 $a(CaPaEBR)ebr10480872 035 $a(CaONFJC)MIL315057 035 $a(OCoLC)923596208 035 $z(OCoLC)738476109 035 $a(EXLCZ)992670000000095635 100 $a20101214d2011 uy 0 101 0 $aeng 135 $aurcn||||||||| 181 $ctxt 182 $cc 183 $acr 200 10$aAfghanistan $ehow the West lost its way /$fTim Bird and Alex Marshall 205 $a1st ed. 210 $aNew Haven $cYale University Press$dc2011 215 $a1 online resource (310 p.) 300 $aBibliographic Level Mode of Issuance: Monograph 311 0 $a9780300154573 311 0 $a0300154577 320 $aIncludes bibliographical references (p. 289-298) and index. 327 $tFront matter --$tCONTENTS --$tINTRODUCTION --$tCHAPTER ONE. THE GREAT ENIGMA: Afghanistan in historical context --$tCHAPTER TWO. 9/11 AND THE RESPONSE, 11-25 SEPTEMBER 2001 --$tCHAPTER THREE. 'BOOTS ON THE GROUND': From the arrival of the CIA to the emergency Loya Jirga, 26 September 2001-June 2002 --$tCHAPTER FOUR. 'TAKING THE EYE OFF THE BALL?' THE ROOTS OF TALIBAN REVIVAL IN AFGHANISTAN, 2002-05 --$tCHAPTER FIVE. RETURN TO THE 'FORGOTTEN WAR', 2006-08 --$tCHAPTER SIX. THE PAKISTAN PROBLEM --$tCHAPTER SEVEN. SILVER BULLETS AND THE SEARCH FOR AN EXIT, 2009-11 --$tCONCLUSION --$tNOTES --$tBIBLIOGRAPHY --$tINDEX 330 $aIn October 2001, NATO forces invaded Afghanistan. Their initial aim, to topple the Taliban regime and replace it with a more democratic government aligned to Western interests, was swiftly achieved. However, stabilizing the country in the ensuing years has proven much more difficult. Despite billions of dollars in aid and military expenditure, Afghanistan remains a nation riddled with warlords, the world's major heroin producer, and the site of a seemingly endless conflict between Islamist militants and NATO forces. In this timely and important book, Tim Bird and Alex Marshall offer a panoramic view of international involvement in Afghanistan from 2001 to 2011. Tackling the subject matter as a whole, Bird and Marshall weave together analysis of military strategy, regional context, aid policy, the Afghan government, and the many disagreements between and within the Western powers involved in the intervention. Given the complicating factors of the heroin trade, unwelcoming terrain, and precarious relations with Pakistan, the authors acknowledge the ways in which Afghanistan has presented unique challenges for its foreign invaders. Ultimately, however, they argue that the international community has failed in its self-imposed effort to solve Afghanistan's problems and that there are broader lessons to be learned from their struggle, particularly in terms of counterinsurgency and the ever-complicated work of "nation-building." The overarching feature of the intervention, they argue, has been an absence of strategic clarity and coherence. 606 $aAfghan War, 2001-2021 606 $aStrategy 615 0$aAfghan War, 2001-2021. 615 0$aStrategy. 676 $a958.104/7 700 $aBird$b Tim$f1962-$01853979 701 $aMarshall$b Alex$f1976 November 2-$0116793 801 0$bMiAaPQ 801 1$bMiAaPQ 801 2$bMiAaPQ 906 $aBOOK 912 $a9910956897803321 996 $aAfghanistan$94450944 997 $aUNINA